000 00480nam a2200169Ia 4500
008 230714s9999 xx 000 0 und d
020 _a9790000000000
041 _aeng
082 _a620.1'06
_bJAG
100 _aJagadeesha T.
_9195308
245 _aFluid Power
_bGeneration, Transmission And Control
260 _c2013
_bWiley
300 _a592
365 _cRs.
_b499.00
700 _aJagadeesha T. & Gowda T.
_9195309
906 _dO:0358217-Dec-2013B:IN 183211-Nov-2013
_cMECH
999 _c209913
_d209913